Preguntas de cultura general - Estadísticas

Estadísticas generales
  • Esta prueba ha sido intentada 1.258 veces
  • La puntuación promedio es 20 de 25
Estadísticas de respuestas
Pregunta Respuesta % Correcto
¿Cuál es el país más grande del mundo? Rusia
98%
¿Cuál es el océano más grande? Océano Pacífico
97%
¿A que personaje literario le crecía la nariz cuando mentía? Pinocho
97%
¿Cuál es el río más largo del mundo? El Amazonas
96%
¿Cuál es el color que representa la esperanza? Verde
96%
¿Cuánto vale el número pi? 3,14159265359
95%
¿Cuantos son los planetas del sistema solar? 8 planetas
95%
¿Qué tipo de animal es la ballena? Mamífero marino
95%
¿Cuándo acabó la II Guerra Mundial? 1945
94%
¿Quién es el autor de El Quijote? Miguel de Cervantes
91%
¿Quién pintó “la última cena”? Leonardo da Vinci
90%
El triángulo que tiene sus tres lados iguales ¿Cómo se llama? Triángulo equilátero
89%
¿De qué estilo arquitectónico es la Catedral de Notre Dame en París? Gótico
88%
¿Quién escribió La Odisea? Homero
88%
¿Cuántos son los tipos de sabores primarios? Cinco (5)
84%
¿En qué año cayó el muro de Berlín? 1989
82%
¿Cuál es el “País del Sol Naciente”? Japón
80%
¿Quién escribió “Hamlet”? William Shakespeare
80%
¿Cuál es la nacionalidad de Pablo Neruda? Chilena
78%
¿Cuál es el único mamífero capaz de volar? El murciélago
75%
¿Qué jugador de fútbol ha ganado más copas del mundo? Pelé
75%
¿Cuántos elementos químicos hay? 118 elementos
56%
Según la Segunda Ley de Newton, ¿a que es proporcional la fuerza? A la aceleración.
32%
¿Qué gas llevan los refrescos? dióxido de carbono (CO2)
32%
¿Cómo se llama la radiación que emiten los agujeros negros? Radiación de Hawking.
15%
No se encontraron pruebas coincidentes
Distribución de puntuación
Porcentaje de gente con cada puntuación
Porcentaje por número respondido
Historial de tus puntuaciones
No has intentado esta prueba.